000 00403nam a2200181Ia 4500
005 20250423101218.0
008 250422s9999 xx 000 0 und d
020 _a0-394-47929-7
050 _aPS374.C59H
100 _aJohn Hersey
245 4 _aThe Conspiracy
260 _aNew York
260 _bAlfred A. Knopf Inc
260 _c1972
300 _a274 p
650 _aLiterature
942 _cBK
999 _c35626
_d35626